000 00361nam a2200157Ia 4500
005 20250603145037.0
008 250603s9999 xx 000 0 und d
020 _a9789789318230
245 0 _aGoodluck Ebele Jonathan : champion for women
260 _aLagos
260 _bSisley Ltd
260 _c2013
300 _a321 p
650 _aLagos
942 _cBK
999 _c40702
_d40702